000 00362nam a2200145Ia 4500
008 231129s1985||||xx |||||||||||||| ||spa||
020 _a84-7634-096-6
040 _bspa
082 _a808.3876 B877m
100 _aBrown Fredric
245 0 _aMarciano vete a casa
260 _c1985
264 _aOrbis
942 _2ddc
_cBKS
999 _c20630
_d20630